|
|
|
|
| LEADER |
01155nam a2200289 i 4500 |
| 001 |
10049400 |
| 003 |
GR-PaULI |
| 005 |
20230530094808.0 |
| 008 |
040129s2003 uk e f b 1 eng d |
| 952 |
|
|
|0 0
|1 0
|2 ddc
|4 0
|6 121_680000000000000_DAV
|7 0
|9 40791
|a PHIL
|b PHIL
|d 2016-04-24
|i 4658
|l 0
|o 121.68 DAV
|p 025000114295
|r 2016-04-24 00:00:00
|t 1
|v 2016.00
|w 2016-04-24
|y BK15
|
| 999 |
|
|
|c 26194
|d 26194
|
| 020 |
|
|
|a 0521555132
|
| 040 |
|
|
|a GR-PaULI
|c GR-PaULI
|b gre
|e AACR2
|
| 041 |
0 |
|
|a eng
|
| 082 |
0 |
4 |
|a 121.68
|2 23
|
| 100 |
|
|
|9 40998
|a Davis, Wayne A.,
|d 1951-
|e συγγραφέας
|
| 245 |
1 |
0 |
|a Meaning, expression, and thought /
|c Wayne A. Davis.
|
| 260 |
|
|
|a Cambridge :
|b Cambridge University Press,
|c 2003.
|
| 300 |
|
|
|a xvii, 654 σ. ;
|c 24 εκ.
|
| 490 |
0 |
|
|a Cambridge studies in philosophy
|
| 504 |
|
|
|a Περιλαμβάνει βιβλιογραφία και ευρετήριο.
|
| 650 |
|
4 |
|9 518
|a Γλώσσα και γλώσσες
|x Φιλοσοφία
|
| 650 |
|
4 |
|9 7132
|a Σημασιολογία
|
| 830 |
|
|
|9 156052
|a Cambridge studies in philosophy.
|
| 942 |
|
|
|2 ddc
|c BK15
|
| 998 |
|
|
|c ΜΠΟΜΠΑ
|d 2004-01
|
| 998 |
|
|
|c ΚΑΝΕΛΛΟΠΟΥΛΟΥ
|d 2023-05
|